全国一宮・二十二社クイズ - Statistics

General Stats
  • This quiz has been taken 57 times
  • The average score is 19 of 123
Answer Stats
Hint Answer 備考 % Correct
伊勢国 伊勢神宮 神宮
84%
出雲国 出雲大社
64%
摂津国 住吉大社 中七社
53%
山城国 賀茂別雷神社 上七社
44%
山城国 賀茂御祖神社 上七社
42%
武蔵国 氷川神社
40%
下総国 香取神宮
40%
常陸国 鹿島神宮
40%
大和国 春日大社 上七社
40%
大和国 | 尾張国 大神神社 中七社
38%
信濃国 諏訪大社
33%
越前国 氣比神宮
33%
安芸国 厳島神社
33%
伊豆国 三嶋大社
27%
尾張国 真清田神社
24%
相模国 寒川神社
24%
蝦夷国 北海道神宮
24%
山城国 伏見稲荷大社 上七社
24%
相模国 鶴岡八幡宮
22%
越後国 彌彦神社
22%
筑前国 筥崎宮
22%
山城国 八坂神社 下八社
22%
和泉国 大鳥大社
20%
摂津国 坐摩神社
20%
伊勢国 椿大神社
20%
駿河国 富士山本宮浅間大社
20%
陸奥国 志波彦神社・鹽竈神社
20%
備中国 | 備後国 吉備津神社
20%
豊前国 宇佐神宮
20%
肥後国 阿蘇神社
20%
河内国 枚岡神社
18%
下野国 宇都宮二荒山神社
18%
下野国 日光二荒山神社
18%
出雲国 熊野大社
18%
備前国 吉備津彦神社
18%
筑前国 | 長門国 住吉神社
18%
琉球国 波上宮
18%
山城国 北野天満宮 下八社
18%
伊賀国 敢国神社
16%
安房国 安房神社
16%
能登国 気多大社
16%
淡路国 伊弉諾神宮
16%
知々父国 秩父神社
16%
山城国 石清水八幡宮 上七社
16%
山城国 松尾大社 上七社
16%
近江国 日吉大社 下八社
16%
志摩国 伊雑宮
13%
遠江国 事任八幡宮
13%
甲斐国 浅間神社
13%
上総国 玉前神社
13%
美濃国 南宮大社
13%
加賀国 白山比咩神社
13%
越中国 高瀬神社
13%
越中国 気多神社
13%
伊予国 大山祇神社
13%
筑後国 高良大社
13%
大隅国 鹿児島神宮
13%
対馬国 海神神社
13%
大和国 大和神社 中七社
13%
伊勢国 都波岐奈加等神社
11%
遠江国 小国神社
11%
武蔵国 氷川女體神社
11%
若狭国 若狭彦神社・若狭姫神社
11%
越中国 射水神社
11%
土佐国 土佐神社
11%
豊後国 西寒多神社
11%
豊後国 柞原八幡宮
11%
肥前国 與止日女神社
11%
肥前国 千栗八幡宮
11%
日向国 都農神社
11%
薩摩国 新田神社
11%
薩摩国 枚聞神社
11%
壱岐国 天手長男神社
11%
陸中国 駒形神社
11%
大和国 石上神宮 中七社
11%
三河国 砥鹿神社
9%
近江国 建部大社
9%
飛騨国 水無神社
9%
陸奥国 八槻都々古別神社
9%
陸奥国 馬場都々古別神社
9%
伯耆国 倭文神社
9%
紀伊国 日前神宮・國懸神宮
9%
讃岐国 田村神社
9%
津軽国 岩木山神社
9%
大和国 龍田大社 中七社
9%
山城国 貴船神社 下八社
9%
志摩国 伊射波神社
7%
陸奥国 石都々古和気神社
7%
越中国 雄山神社
7%
佐渡国 渡津神社
7%
丹波国 出雲大神宮
7%
隠岐国 水若酢神社
7%
周防国 玉祖神社
7%
阿波国 大麻比古神社
7%
大和国 廣瀬大社 中七社
7%
山城国 梅宮大社 下八社
7%
安房国 洲崎神社
4%
上野国 貫前神社
4%
出羽国 鳥海山大物忌神社
4%
丹後国 籠神社
4%
但馬国 出石神社
4%
但馬国 粟鹿神社
4%
石見国 物部神社
4%
播磨国 伊和神社
4%
美作国 中山神社
4%
紀伊国 丹生都比売神社
4%
岩代国 伊佐須美神社
4%
山城国 平野神社 上七社
4%
山城国 大原野神社 中七社
4%
越後国 居多神社
2%
因幡国 宇倍神社
2%
隠岐国 由良比女神社
2%
備後国 素盞嗚神社
2%
紀伊国 伊太祁曽神社
2%
山城国 吉田神社 下八社
2%
摂津国 廣田神社 下八社
2%
大和国 丹生川上神社中社 下八社
2%
大和国 丹生川上神社上社 下八社
2%
大和国 丹生川上神社下社 下八社
2%
備前国 石上布都魂神社
0%
No matching quizzes found
Score Distribution
Percent of People with Each Score
Percentile by Number Answered
Your Score History
You have not taken this quiz